Treptow an der Rega und seine Garnison
| Titel: | Treptow an der Rega und seine Garnison / Herbert Spruth, Fritz Treichel |
|---|---|
| Verfasser: | ; |
| In: |
Pommern, Band 14, Heft 4 (1976), Seite 7-11 alle Artikel anzeigen |
| Veröffentlicht: | 1976 |
| Umfang: | Illustrationen |
| Format: | Aufsatz |
| Sprache: | Deutsch |
X
alg: 43258282 001A $03025:14-06-18 001B $01999:14-06-18 $t23:10:47.000 001C $03025:14-06-18 $t13:21:10.000 001D $03025:14-06-18 001U $0utf8 001X $00 002@ $0Aou 002C $aText $btxt $2rdacontent 002D $aohne Hilfsmittel zu benutzen $bn $2rdamedia 002E $aBand $bnc $2rdacarrier 003@ $0432582827 007A $0432582827 $aHEB 010@ $ager 010E $erda 011@ $a1976 021A $aTreptow an der Rega und seine Garnison $hHerbert Spruth, Fritz Treichel 028A $BVerfasser $#Spruth, Herbert Botho Ortwin $4aut $7107510782 $8Spruth, Herbert$Z1900-1972 [Tp1] $9142404861 028C $BVerfasser $4aut $7 $8Treichel, Fritz [Tnd] $9140383573 031A $d14 $e4 $h7-11 $j1976 034M $aIllustrationen 039B $aEnthalten in $8--Abvc--. Pommern. - Greifswald : Pommersche Stiftung für historische Bildung, 1967-. - ISSN 0032-4167 $x197600000140004993 $9048244473 044K $RTreptow $74429387-2 $8Trzebiatów [Tg1] $908870632X 044K $RHeer $#Cavalry $#Cavalerie $#Caballería $#Reiterei $74030113-8 $8Kavallerie [Ts1] $9085079790 044K $RMilitär $RKrieger $RSoldatin $#Soldiers $#Soldats $#Soldati $#Soldaten $#Soldat $#Legionär $#Soldaten $74055409-0 $8Soldat [Ts1] $9085154180 044K $RRüstung $#Militari $#Militär $#Militär $#Heerwesen $#Kriegswesen $#Streitkräfte $#Wehrwesen $#Militärwesen $#Armee Militär $74039305-7 $8Militär [Tsz] $9085107107 045T $a7,41 $a8,1 lok: 43258282 78 exp: 43258282 78 1 #EPN 201B/01 $014-06-18 $t13:11:16.000 201C/01 $014-06-18 201U/01 $0utf8 203@/01 $01023570955 208@/01 $a14-06-18 $be 209A/01 $a/ $f000 $x00 209A/01 $ab*p $x01 220C/01 $awma 244Z/01 $#Pommern $#Pommern $#Herzogtum Pommern $#Herzogthum Pommern $#Provinz Pommern $#Pomorze $74046744-2 $8--Tg1--Pommern $x06 $9085130354 247C/01 $82080>Marburg/Lahn, Herder-Institut, Forschungsbibliothek, Bibliographieportal $9336309341
| LEADER | 00000caa a2200000 c 4500 | ||
|---|---|---|---|
| 001 | 432582827 | ||
| 003 | DE-603 | ||
| 005 | 20180614231047.0 | ||
| 007 | tu | ||
| 008 | 180614s1976 xx |||| | u00||u|ger c | ||
| 035 | |a (DE-599)HEB432582827 | ||
| 040 | |a DE-603 |b ger |c DE-603 |d DE-603 |e rda | ||
| 041 | |a ger | ||
| 084 | |a 7,41 |a 8,1 |2 ssgn | ||
| 100 | 1 | |a Spruth, Herbert |d 1900-1972 |e Verfasser |4 aut |0 (DE-603)142404861 |0 (DE-588)107510782 |2 gnd | |
| 245 | 0 | 0 | |a Treptow an der Rega und seine Garnison |c Herbert Spruth, Fritz Treichel |
| 264 | 0 | |c 1976 | |
| 300 | |b Illustrationen | ||
| 336 | |a Text |b txt |2 rdacontent | ||
| 337 | |a ohne Hilfsmittel zu benutzen |b n |2 rdamedia | ||
| 338 | |a Band |b nc |2 rdacarrier | ||
| 650 | 7 | |a Kavallerie |0 (DE-588)4030113-8 |0 (DE-603)085079790 |2 gnd | |
| 650 | 7 | |a Soldat |0 (DE-588)4055409-0 |0 (DE-603)085154180 |2 gnd | |
| 650 | 7 | |a Militär |0 (DE-588)4039305-7 |0 (DE-603)085107107 |2 gnd | |
| 651 | 7 | |a Trzebiatów |0 (DE-588)4429387-2 |0 (DE-603)08870632X |2 gnd | |
| 700 | 1 | |a Treichel, Fritz |e Verfasser |4 aut |0 (DE-603)140383573 | |
| 773 | 0 | 8 | |i Enthalten in |t Pommern |d Greifswald : Pommersche Stiftung für historische Bildung, 1967- |h 30 cm |x 0032-4167 |g Band 14, Heft 4 (1976), Seite 7-11 |w (DE-603)048244473 |w (DE-600)958645-3 |
| 924 | 0 | |9 2080 |a (DE-603)1023570955 |b DE-2080 |c HES |d d |g / | |


